000 00849nam a22002417a 4500
005 20080626104633.0
008 080618t xxu||||| |||| 00| 0 eng d
010 _aENG-90860
020 _c300.00
_a9788190552288
035 _aEN-74393
037 _bDBAD / PUB
040 _aDPL
_bEnglish
082 _a808.6
100 _aRakesh Kumar
245 _aEffective letter writing /
_cby Rakesh Kumar
260 _aDelhi
_bAmit Publishing House
_c2008
260 _a
_b
270 _aL-20/13, Gali No. 5, II Floor, Shivaji Margt, Kartar Nagar
_bDelhi
_e110053
300 _aviii, 191p.
_c23 cm (Hb)
650 _aletter writing
942 _cEN
_h808.6
_2ddc
_mRAM
999 _c15272
_d15272